| 000 | 00585nam a2200145Ia 4500 | ||
|---|---|---|---|
| 008 | 191108s9999 xx 000 0 und d | ||
| 020 | _a9.7804398627e+012 | ||
| 100 | _aBartoletti, Susan C. | ||
| 245 |
_cSusan Campbell Bartoletti.-- _aHitler Youth : _b growing up in Hitler's shadow / |
||
| 260 |
_aNew York : _b Scholastic Nonfiction _c2005 |
||
| 300 |
_a176 pages : _bblack & white illustrations |
||
| 500 | _aIncludes bibliography, acknowledgements and index. | ||
| 650 | _a Hitler-Jugend -- Juvenile literature. | ||
| 650 | _aNational socialism and youth -- Juvenile literature. | ||
| 999 |
_c362354 _d362354 |
||